000 01260cab a2200409 4500
001 ABS50274
008 090401t1994 xxu||||| |||| 00| 0 eng d
035 _a(Sirsi) u75015
041 _aeng
245 _aEuropean review
260 _c1994
300 _aLOAN
350 _a0
490 _aEstates Times
_v4 March 1994, (66)
520 _aAssesses the financial performance of European property stocks, provides an overview of of the market, including Berlin, Poland, France, Brussels, Stuttgart, and Amsterdam,in view of the recession.
650 _aAMSTERDAM
650 _aBERLIN
650 _aBRUSSELS
650 _aBUDAPEST
650 _aCROSS-BORDER RETAILING
650 _aDUSSELDORF
650 _aEUROPE
650 _aINDUSTRIAL MARKET
650 _aPROPERTY-COMMERCIAL PROPERTY-OFFICE PROPERTY-OFFICE PROPERTY MARKET
650 _aPARIS
650 _aPOLAND
650 _aPORTUGAL
650 _aPROPERTY-COMMERCIAL PROPERTY-RETAIL PROPERTY-RETAIL PROPERTY MARKET
650 _aROTTERDAM
650 _aSCHIPHOL AIRPORT
650 _aST PETERSBURG
650 _aSTUTTGART
690 _aPROPERTY-COMMERCIAL PROPERTY-COMMERCIAL PROPERTY MARKET
690 _aOVERSEAS-EUROPE
942 _n0
948 _c04/03/1997
999 _c47262
_d47262